000 00887cam a22002651a 4500
999 _c128844
_d128844
001 6010851
003 ARRUPE
005 20190129143954.0
008 721108s1948 enka b 001 0 eng
010 _a 48004678
035 _a(OCoLC)490208
040 _aDLC
_cODaWU
_dTxU
_dOCoLC
_dDLC
042 _apremarc
050 0 0 _aSPC GN738
_b.B7
100 1 _aBrodrick, Alan Houghton.
_944245
245 1 0 _aEarly man :
_ba survey of human origins /
_cAlan Houghton Brodrick.
260 _aLondon ;
_aNew York :
_bHutchinson's Scientific and Technical Publications,
_c1948.
300 _a288 p. :
_bill. ;
_c22 cm.
500 _aIncludes index.
504 _a"Short bibliography": p. 277-283.
650 0 _aPrehistoric peoples.
_928897
650 0 _aHuman beings
_xOrigin.
_936332
906 _a7
_bcbc
_coclcrpl
_du
_encip
_f19
_gy-gencatlg
942 _2lcc
_cSPC